Fundamentals of Thermodynamics / (Record no. 5969)

000 -LEADER
fixed length control field 00599nam a2200217 a 4500
003 - CONTROL NUMBER IDENTIFIER
control field PK-NaQUE
005 - DATE AND TIME OF LATEST TRANSACTION
control field 20251124123210.0
008 - FIXED-LENGTH DATA ELEMENTS--GENERAL INFORMATION
fixed length control field 251124b ||||| |||| 00| 0 eng d
020 ## - INTERNATIONAL STANDARD BOOK NUMBER
International Standard Book Number 0470041927 (hardcover)
020 ## - INTERNATIONAL STANDARD BOOK NUMBER
International Standard Book Number 9780470041925 (hardcover)
040 ## - CATALOGING SOURCE
Transcribing agency QUEST
100 1# - MAIN ENTRY--PERSONAL NAME
Personal name Borgnakke, Claus.
245 10 - TITLE STATEMENT
Title Fundamentals of Thermodynamics /
250 ## - EDITION STATEMENT
Edition statement 7th ed.
260 ## - PUBLICATION, DISTRIBUTION, ETC. (IMPRINT)
Place of publication, distribution, etc [S.l.] :
Name of publisher, distributor, etc Wiley,
Date of publication, distribution, etc 2008.
300 ## - PHYSICAL DESCRIPTION
Extent 912 p. ;
650 ## - SUBJECT ADDED ENTRY--TOPICAL TERM
Topical term or geographic name as entry element Thermodynamics
700 1# - ADDED ENTRY--PERSONAL NAME
Personal name Sonntag, Richard E.
856 40 - ELECTRONIC LOCATION AND ACCESS
Uniform Resource Identifier http://10.10.170.122:8080/browse/book/24848
Link text Download eBook
942 ## - ADDED ENTRY ELEMENTS (KOHA)
Koha item type Books
Source of classification or shelving scheme
Holdings
Withdrawn status Lost status Damaged status Not for loan Permanent Location Current Location Date acquired Cost, normal purchase price Full call number Barcode Date last seen Koha item type Source of classification or shelving scheme Shelving location Total Checkouts Date checked out Price effective from
        Central Library, QUEST Campus, Larkano Central Library, QUEST Campus, Larkano 2016-09-26   621.4021BDR L9534 2023-12-05 Books         2023-12-05
        Central Library, QUEST Campus, Larkano Central Library, QUEST Campus, Larkano 2016-09-26   621.4021BDR L9535 2023-12-05 Books         2023-12-05
        Central Library, QUEST, Nawabshah Central Library, QUEST, Nawabshah 2014-06-10 1131.00 621.4021BDR 41651 2018-04-03 Books     1 2015-04-13 2014-06-10
        Central Library, QUEST, Nawabshah Central Library, QUEST, Nawabshah 2014-06-13 1089.00 621.4021BDR 42818 2023-12-05 Books         2023-12-05
        Reference Section Reference Section 2014-06-10 1131.00 621.4021BDR (Shelf - 63E) 41650 2014-06-10 Books   Reference      
        Central Library, QUEST, Nawabshah Seminar Library, Energy & Environ. Engg. 2014-06-10 1131.00 621.4021BDR 41648 2014-06-10 Books          
        Central Library, QUEST, Nawabshah Seminar Library, Energy & Environ. Engg. 2014-06-10 1131.00 621.4021BDR 41649 2014-06-10 Books          

Copyright © 2018,The QUEST, Nawabshah, Shaheed Benazirabad. All rights reserved
Mr. G. Farooq Channar (Librarian) QUEST, Nawabshah, Sindh, Pakistan 67480.
 Ph#: |   0244-9370381-4 Ext. 2308   Email| lib@quest.edu.pk   Web|  http://www.quest.edu.pk